Hermenéutica analógica y educación /

Ensayo de carácter filosófico sobre la aplicación de la hermenéutica analógica-icónica en la educación. Entre algunas de estas aplicaciones está la diferenciación entre entender y comprender, la relación entre enseñanza y aprendizaje, o el planteamiento de la pluralidad cultural en el ámbito educati...

Full beskrivning

Sparad:
Bibliografiska uppgifter
Huvudupphov: Beuchot, Mauricio (autor)
Materialtyp: Bok
Språk:spanska
Utgiven: Torreón, México : Universidad Iberoamericana, Plantel Laguna, 2007, c2007
Serie:(El Pays de La Laguna ; 5)
Ämnen:
Taggar: Lägg till en tagg
Inga taggar, Lägg till första taggen!

MARC

LEADER 00000nam^a2200000^a^4500
001 000359386
005 20250625000000.0
009 20260310115354.702
020 |a 968-5162-35-2 
037 |a Acervo ITESO - Biblioteca 
041 |a ESP 
082 |a 370. 1  |b BEU 
100 |a Beuchot, Mauricio  |e (autor) 
240 1 1 |a [Acequias] 
245 1 0 |a Hermenéutica analógica y educación /  |c M. Beuchot ; presen. de Julio César Félix. 
264 4 |a Torreón, México :  |b Universidad Iberoamericana, Plantel Laguna,  |c 2007, c2007 
300 |a 33 p. 
336 |a texto  |b txt  |2 rdacontenido 
337 |a sin mediación  |b n  |2 rdamedio 
338 |a volumen  |b nc  |2 rdasoporte 
440 4 |a (El Pays de La Laguna ;  |v 5) 
520 |a Ensayo de carácter filosófico sobre la aplicación de la hermenéutica analógica-icónica en la educación. Entre algunas de estas aplicaciones está la diferenciación entre entender y comprender, la relación entre enseñanza y aprendizaje, o el planteamiento de la pluralidad cultural en el ámbito educativo. 
649 |a XX 
650 |a Conocimiento 
650 |a Aprendizaje 
650 |a Diversidad Cultural 
650 |a Hermenéutica 
650 |a Epistemología de la Educación -  |x Tema Principal 
650 |a Filosofía de la Educación 
650 |a Educación -  |x Teoría 
910 |a Fondo General 
920 |a Impresos - Libros 
930 |a Colección General 
905 |a 101 
901 |a 0500252521  |b IT1  |c ACC  |d DT  |i D72830  |u 20250625 
902 |a https://opac.biblio.iteso.mx/vufind/Record/000359386